Guess the Movie - Minimalistic Pictures #3 - Statistics

General Stats
  • This quiz has been taken 132 times
  • The average score is 11 of 20
Answer Stats
Picture Hint Answer % Correct
2003 Finding Nemo
94%
2003 Pirates of the Caribbean Series
93%
2008 The Dark Knight
93%
2008 Iron Man
85%
1988 Child's Play
84%
1999 American Pie
82%
2012 Wreck-It Ralph
80%
1976 Rocky
73%
2006 Cars
68%
1984 A Nightmare on Elm Street
66%
1980 The Shining
54%
2003 Daredevil
51%
1983 Scarface
44%
2012 Hotel Transylvania
40%
2009 Zombieland
37%
2010 The A-Team
28%
2011 Moneyball
24%
1999 The Boondock Saints
8%
1990 Total Recall
5%
2013 World War Z
5%
No matching quizzes found
Score Distribution
Percent of People with Each Score
Percentile by Number Answered
Your Score History
You have not taken this quiz